Online
Catalog

Archivi di "Giustizia e liberta" (1915-1945) / (Record no. 1773)

MARC details
000 -CABECERA
campo de control de longitud fija 00795cam a2200205 a 4500
001 - NÚMERO DE CONTROL
campo de control 000001902
005 - FECHA Y HORA DE LA ÚLTIMA TRANSACCIÓN
campo de control 20200929145742.0
008 - DATOS DE LONGITUD FIJA--INFORMACIÓN GENERAL
campo de control de longitud fija 730912s1969 it a 001 0 ita
040 ## - FUENTE DE LA CATALOGACIÓN
Centro catalogador/agencia de origen DO-SdBNP
Lengua de catalogación spa
Centro/agencia transcriptor BNPHU
082 ## - NÚMERO DE LA CLASIFICACIÓN DECIMAL DEWEY
Número de clasificación 303.37245
Número de documento/Ítem C355a
100 1# - ENTRADA PRINCIPAL--NOMBRE DE PERSONA
Nombre de persona Casucci, Costanzo.
9 (RLIN) 6198
245 10 - MENCIÓN DE TÍTULO
Título Archivi di "Giustizia e liberta" (1915-1945) /
Mención de responsabilidad, etc. Costanzo Casucci.
260 ## - PUBLICACIÓN, DISTRIBUCIÓN, ETC.
Lugar de publicación, distribución, etc. Roma :
Nombre del editor, distribuidor, etc. Ministero Dell´Interno,
Fecha de publicación, distribución, etc. 1969.
300 ## - DESCRIPCIÓN FÍSICA
Extensión xix, 259 p. :
Otras características físicas il. ;
Dimensiones 25 cm.
490 1# - MENCIÓN DE SERIE
Mención de serie Ministero dell'interno
490 1# - MENCIÓN DE SERIE
Mención de serie Pubblicazioni degli archivi di Stato
Designación de volumen o secuencia no. 68
610 24 - PUNTO DE ACCESO ADICIONAL DE MATERIA--NOMBRE DE ENTIDAD CORPORATIVA
Nombre de entidad corporativa o nombre de jurisdicción como elemento de entrada CUERPOS DE VOLUNTARIOS DE LA LIBERTAD (ITALIA).
Unidad subordinada JUSTICIA Y LIBERTAD
Subdivisión de forma BIBLIOGRAFÍA
9 (RLIN) 6199
830 #0 - PUNTO DE ACCESO ADICIONAL DE SERIE-TÍTULO UNIFORME
Título uniforme Ministero dell'interno :
Nombre de parte o sección de la obra Pubblicazioni degli archivi di Stato ;
Designación de volumen o secuencia no. 68
9 (RLIN) 6200
910 ## - DATOS DE OPCIÓN DEL USUARIO (OCLC)
Datos de opción del usuario control de calidad Mfileto
Holdings
Estado de retiro Estado de pérdida Restricciones de uso No para préstamo Código de colección Localización permanente Ubicación/localización actual Ubicación en estantería Fecha de adquisición Número de inventario Total de préstamos Signatura topográfica completa Código de barras Fecha visto por última vez Precio válido a partir de Tipo de ítem Koha
    Préstamo interno   Monografías: Libros y Folletos General General En catalogación 14.09.2009 LF1   303.37245 C355a 1902-10 25.06.2020 25.06.2020 Préstamo interno

Powered by Koha